000 00997nam a22002537a 4500
005 20110606151959.0
008 110606t xxu||||| |||| 00| 0 eng d
010 _aENG-102549
020 _a9789350248928
_c198.00
035 _aEN-86082
037 _bDBAD/PUB
040 _aDPL
_bEng
082 _a362.1068
100 _928359
_aSarangi, S. K.
245 _aHealthcare management :
_cby S. K. Sarangi
_btext and cases /
260 _aMumbai
_bHimalaya Publishing House
_c2011
270 _a"Ramdoot", Dr. Bhalerao Marg, Girgaon
_bMumbai
_e400004
_k022-23860170/23863863
300 _axii,283p.
_c24 cm (pbk)
650 _928360
700 _928362
942 _2ddc
_cEN
_mSAR
_h362.1068
999 _c52748
_d52748